<?xml version="1.0" encoding="UTF-8"?>
<record
    xmlns:xsi="http://www.w3.org/2001/XMLSchema-instance"
    xsi:schemaLocation="http://www.loc.gov/MARC21/slim http://www.loc.gov/standards/marcxml/schema/MARC21slim.xsd"
    xmlns="http://www.loc.gov/MARC21/slim">

  <leader>02431    a2200205   4500</leader>
  <controlfield tag="001">25590</controlfield>
  <controlfield tag="005">20260407155540.0</controlfield>
  <controlfield tag="008">260407a2013    arg                 spa d</controlfield>
  <controlfield tag="003">AR-UNSa-BCEJYS</controlfield>
  <datafield tag="040" ind1=" " ind2=" ">
    <subfield code="a">AR-UNSa-BCEJYS</subfield>
    <subfield code="b">spa</subfield>
    <subfield code="c">AR-UNSa-BCEJYS</subfield>
  </datafield>
  <datafield tag="080" ind1=" " ind2=" ">
    <subfield code="a">35.086</subfield>
    <subfield code="x">Responsabilidad de los funcionarios </subfield>
  </datafield>
  <datafield tag="245" ind1="1" ind2="0">
    <subfield code="a">Responsabilidad del estado y del funcionario p&#xFA;blico</subfield>
  </datafield>
  <datafield tag="264" ind1=" " ind2="1">
    <subfield code="a">Buenos Aires :</subfield>
    <subfield code="b">Astrea</subfield>
    <subfield code="c">2013</subfield>
  </datafield>
  <datafield tag="300" ind1=" " ind2=" ">
    <subfield code="a">2v. (619 - 488 p.)</subfield>
    <subfield code="c">23 cm.</subfield>
  </datafield>
  <datafield tag="505" ind1=" " ind2=" ">
    <subfield code="a">Tomo I : Carcterizaci&#xF3;n General : 1. El derecho a la reparaci&#xF3;n desde la peresectiva constitucional - 2. La responsabilidad de la persona jur&#xED;dica en el c&#xF3;digo civil aspectos generales - 3. Introducci&#xF3;n al estudio de la responsabilidad del estado - 4.Marco normativo aplicable - 5. Requisitos de la responsabilidad del estado - 6. Responsabilidad extracontractual del estado por el hecho de los agentes de la administraci&#xF3;n p&#xFA;blica y de otros posibles dependientes - 7. Responsabilidad extracontractual de la administraci&#xF3;n p&#xFA;blica por su actividad ileg&#xED;tima - 8. Responsabilidad del estado por omisi&#xF3;n - 9. Responsabilidad del estado.Hechos l&#xED;citos que sacrifican intereses particulares - Parte II : &#xC1;mbitos espec&#xED;ficos de la resonsabilidad del estado : 10. Responsabilidad del estado por el funcionamiento de su actividad jurisdiccional - 11. Responsabilidad del estado por su actividad legislativa - 12. Responsabilidad del estado por los entes descentralizados - 13. Concesionarios y licenciatarios de servicios p&#xFA;blicos y empresas concesionarias de peaje - 14. Responsabilidad del estado. Incumplimiento obligacional y contractual - 15. Responsabilidad patrimonial del funcionario p&#xFA;blico - Parte III : Reparaci&#xF3;n del da&#xF1;o causado por el estado y por el funcionario p&#xFA;blico : 16. Medida del resarcimiento - 17. Eximentes en materia de responsabilidad del estado - 18. Prscripci&#xF3;n de las acciones resarcitorias contra el estado y el funcionario p&#xFA;blico - 19. Responsabilidad del estado y de los empleados y funcionarios p&#xFA;blicvos en el anteproyecto y en el proyecto de c&#xF3;digo civil de 2012 - 20. El regreso al derecho civil para la protecci&#xF3;n de d&#xE9;biles y vulnerables. </subfield>
  </datafield>
  <datafield tag="942" ind1=" " ind2=" ">
    <subfield code="c">BK</subfield>
  </datafield>
  <datafield tag="590" ind1=" " ind2=" ">
    <subfield code="a">niveau_biblio:m niveau_hierar:0</subfield>
  </datafield>
  <datafield tag="100" ind1="1" ind2=" ">
    <subfield code="a">Pizarro, Ram&#xF3;n Daniel</subfield>
  </datafield>
  <datafield tag="856" ind1="4" ind2="1">
    <subfield code="u">https://biblioeco.unsa.edu.ar/pmb/images/libros/Responsabilidad del Estado y del funcionario p?blico (2013).jpg</subfield>
    <subfield code="y">Imagen de portada</subfield>
    <subfield code="q">image/jpeg</subfield>
  </datafield>
  <datafield tag="999" ind1=" " ind2=" ">
    <subfield code="c">1404</subfield>
    <subfield code="d">1404</subfield>
  </datafield>
  <datafield tag="952" ind1=" " ind2=" ">
    <subfield code="0">0</subfield>
    <subfield code="1">0</subfield>
    <subfield code="4">0</subfield>
    <subfield code="7">0</subfield>
    <subfield code="a">BCEJYS</subfield>
    <subfield code="b">BCEJYS</subfield>
    <subfield code="c">16</subfield>
    <subfield code="d">2026-04-07</subfield>
    <subfield code="l">0</subfield>
    <subfield code="o">35.086 P695 v.1</subfield>
    <subfield code="p">L119858</subfield>
    <subfield code="r">2026-04-07 15:55:40</subfield>
    <subfield code="w">2026-04-07</subfield>
    <subfield code="y">L</subfield>
  </datafield>
  <datafield tag="952" ind1=" " ind2=" ">
    <subfield code="0">0</subfield>
    <subfield code="1">0</subfield>
    <subfield code="4">0</subfield>
    <subfield code="7">0</subfield>
    <subfield code="a">BCEJYS</subfield>
    <subfield code="b">BCEJYS</subfield>
    <subfield code="c">16</subfield>
    <subfield code="d">2026-04-07</subfield>
    <subfield code="l">0</subfield>
    <subfield code="o">35.086 P695 v.2</subfield>
    <subfield code="p">L119859</subfield>
    <subfield code="r">2026-04-07 15:55:40</subfield>
    <subfield code="w">2026-04-07</subfield>
    <subfield code="y">L</subfield>
  </datafield>
</record>
